Most Consecutive Starts for a QB in NFL history - Statistics

General Stats
  • This quiz has been taken 30 times
  • The average score is 17 of 25
Answer Stats
Teams Answer Games % Correct
NYG Eli Manning 210
100%
IND Peyton Manning 208
96%
NE Tom Brady 112
96%
NE Tom Brady 111
96%
NE/TB Tom Brady 110
96%
GB/NYJ/MIN Brett Favre 297
92%
NO Drew Brees 82
92%
SD/NO Drew Brees 79
92%
ATL Matt Ryan 154
92%
SEA Russell Wilson 149
92%
BAL Joe Flacco 122
88%
BUF Josh Allen 88
88%
DET Matthew Stafford 136
88%
MIA Dan Marino 95
80%
SD/LAC/IND Philip Rivers 240
80%
OAK/LV Derek Carr 91
68%
WAS/MIN Kirk Cousins 79
56%
BAL Johnny Unitas 88
40%
PHI Ron Jaworski 116
36%
LAR Jim Everett 87
32%
KC Trent Green 81
32%
NO Aaron Brooks 82
24%
LAR Roman Gabriel 89
24%
BUF Joe Ferguson 107
20%
NYJ/NO Richard Todd 86
12%
No matching quizzes found
Score Distribution
Percent of People with Each Score
Percentile by Number Answered
Your Score History
You have not taken this quiz